La Santa (Bad Bunny) - Adivina la letra - Estadísticas

Estadísticas generales
  • Esta prueba ha sido intentada 110 veces
  • La puntuación promedio es 357 de 445
Estadísticas de respuestas
Respuesta % Correcto
santa
99%
no
96%
No
96%
96%
96%
tu
96%
eres
95%
un
95%
Y
95%
y
95%
A
93%
a
93%
yo
93%
Yo
93%
me
92%
quiere
92%
santo
92%
una
92%
de
91%
soy
91%
con
89%
Con
89%
es
89%
lo
89%
Lo
89%
89%
mi
89%
te
89%
Te
89%
doy
88%
nos
88%
conocimos
87%
en
87%
la
87%
le
87%
ni
87%
que
87%
Que
87%
Ahora
86%
ahora
86%
el
84%
El
84%
estás
84%
Estás
84%
cómo
83%
más
83%
perreo
83%
quieres
83%
voy
83%
encanta
82%
hagas
82%
pecando
82%
buscando
80%
sabes
80%
porque
79%
cambiar
78%
digas
76%
vienes
76%
pa'
75%
sabiendo
75%
baby
74%
igual
72%
Mucho
72%
mucho
72%
enamorar
71%
enamoraste
71%
si
70%
cama
68%
menos
68%
negativo
68%
positivo
68%
sabías
68%
dije
66%
había
66%
pero
66%
amas
64%
labia
64%
creo
63%
somos
63%
polo
62%
va
62%
cupido
61%
noche
61%
esquivo
59%
entera
58%
esto
58%
flecha
58%
Mami
58%
siempre
58%
área
57%
calentándome
57%
jugar
57%
para
57%
calentándote
55%
Daddy
55%
enamorarse
55%
era
55%
Eso
55%
bellaquera
54%
cualquiera
54%
tengo
54%
Bad
53%
Bunny
53%
Yankee
53%
archivo
51%
corazón
51%
frío
51%
money
50%
Seguimos
50%
confianza
49%
hombre
49%
party
49%
nevera
47%
podías
47%
romance
47%
secretos
47%
Tenemos
47%
confío
46%
contigo
46%
dices
46%
nadie
46%
veces
46%
convivo
45%
envueltos
45%
haber
45%
mío
45%
dentro
43%
necesitas
42%
quitas
42%
tuyo
42%
vas
42%
guardados
41%
sorry
41%
excitas
39%
brava
38%
ey
38%
placer
38%
fue
37%
sigue
37%
Buenas
36%
convencer
36%
noches
36%
vuelves
36%
No se encontraron pruebas coincidentes
Distribución de puntuación
Porcentaje de gente con cada puntuación
Porcentaje por número respondido
Historial de tus puntuaciones
No has intentado esta prueba.